[Event "BLR-ch sf"]
[Site "Minsk"]
[Date "2023.12.15"]
[Round "9"]
[White "Mazanik, Mikita"]
[Black "Luhinin, Maksim"]
[Result "0-1"]
[WhiteElo "1286"]
[BlackElo "1457"]
[PlyCount "118"]
[EventDate "2023.12.07"]
[EventType "swiss"]
[EventRounds "9"]
[EventCountry "BLR"]
[SourceTitle "CB51_2023"]
[SourceDate "2023.12.20"]
[SourceVersion "1"]
[SourceVersionDate "2023.12.20"]
[SourceQuality "1"]

1. d4 Nf6 2. Nf3 e6 3. c4 b6 4. g3 Bb7 5. Bg2 Be7 6. 0-0 0-0 7. Nc3 d5 8. Ne5 Nbd7 9. cxd5 Nxd5 10. Nxd7 Qxd7 11. e4 Nxc3 12. bxc3 c5 13. Be3 cxd4 14. cxd4 Ba6 15. Re1 Bb4 16. Bd2 Qxd4 17. Bxb4 Qxb4 18. Rb1 Qa5 19. Qd7 Rfd8 20. Qe7 Qc5 21. Qxc5 bxc5 22. Rec1 Bd3 23. Rb7 c4 24. Rb4 Rac8 25. Rc3 Rb8 26. Rxb8 Rxb8 27. h4 Rb1+ 28. Kh2 Rb2 29. Ra3 g6 30. Kg1 Rb1+ 31. Kh2 Rb2 32. Kg1 Bb1 33. Rxa7 c3 34. Rc7 c2 35. Kf1 Bxa2 36. Ke1 Bb3 37. Kd2 Rb1 38. Bf3 Rf1 39. Be2 Rd1+ 40. Ke3 c1Q+ 41. Rxc1 Rxc1 42. f4 Rc3+ 43. Kf2 e5 44. fxe5 Rc5 45. Ke3 Rxe5 46. Kf4 f6 47. g4 Bc2 48. Bf3 Kf7 49. g5 Ra5 50. gxf6 Kxf6 51. Bg2 h6 52. Bf3 g5+ 53. hxg5+ hxg5+ 54. Kg4 Ra4 55. Kh5 Bxe4 56. Bg4 Bf3 57. Kh6 Bxg4 58. Kh7 Bf5+ 59. Kh8 Ra8# 0-1

[Event "BLR-ch sf"]
[Site "Minsk"]
[Date "2023.12.12"]
[Round "6"]
[White "Boika, Aliaksandr"]
[Black "Mazanik, Mikita"]
[Result "0-1"]
[WhiteElo "1108"]
[BlackElo "1286"]
[PlyCount "80"]
[EventDate "2023.12.07"]
[EventType "swiss"]
[EventRounds "9"]
[EventCountry "BLR"]
[SourceTitle "CB51_2023"]
[SourceDate "2023.12.20"]
[SourceVersion "1"]
[SourceVersionDate "2023.12.20"]
[SourceQuality "1"]

1. d4 Nf6 2. c4 g6 3. Nc3 Bg7 4. e4 d6 5. Bg5 0-0 6. Be2 Nbd7 7. Qd2 c5 8. d5 a6 9. Nf3 Rb8 10. Qc2 h6 11. Bd2 Re8 12. h4 h5 13. Bf4 Ng4 14. Ng5 Nf8 15. Qd2 Bd7 16. Nh3 b5 17. f3 Ne5 18. cxb5 axb5 19. Rc1 b4 20. Nd1 Ra8 21. b3 Qa5 22. Rc2 Bb5 23. Bh6 Bxe2 24. Bxg7 Kxg7 25. Qxe2 Qa6 26. Ne3 Qxe2+ 27. Kxe2 Ra6 28. Rd1 Rea8 29. Rdd2 Nfd7 30. Nf2 Nb6 31. f4 Ned7 32. Nd3 Nf6 33. Kf3 R6a7 34. Nc1 Ne8 35. g3 Nc7 36. Rg2 Nb5 37. Rb2 Nc3 38. Rgd2 Nb5 39. Rg2 Nd4+ 40. Kf2 Nd7 0-1

[Event "Minsk op"]
[Site "Minsk"]
[Date "2023.11.06"]
[Round "4"]
[White "Mazanik, Mikita"]
[Black "Khmelev, Mikhail"]
[Result "0-1"]
[WhiteElo "1288"]
[BlackElo "1817"]
[PlyCount "106"]
[EventDate "2023.11.03"]
[EventType "swiss"]
[EventRounds "9"]
[EventCountry "BLR"]
[SourceTitle "CB46_2023"]
[SourceDate "2023.11.15"]
[SourceVersion "1"]
[SourceVersionDate "2023.11.15"]
[SourceQuality "1"]

1. d4 Nf6 2. Nf3 e6 3. c4 d5 4. g3 c5 5. Bg2 Nc6 6. cxd5 exd5 7. 0-0 Be7 8. Nc3 0-0 9. dxc5 Bxc5 10. Bg5 d4 11. Bxf6 Qxf6 12. Ne4 Qe7 13. Nxc5 Qxc5 14. Rc1 Qb6 15. Qd2 Bg4 16. Rfd1 Rad8 17. h3 Bxf3 18. Bxf3 Ne5 19. Qc2 d3 20. Qb3 Qf6 21. Kg2 Rd7 22. Qa4 Rfd8 23. Qf4 Qe6 24. b3 h6 25. e3 d2 26. Rc2 Nd3 27. Qe4 Qxe4 28. Bxe4 Ne1+ 29. Kf1 Nxc2 30. Bxc2 Rc7 31. Be4 Rc1 32. Ke2 Rxd1 33. Kxd1 b6 34. Bb7 a5 35. e4 Rd4 36. f3 b5 37. Bc6 Rd3 38. Bxb5 Rxf3 39. Kxd2 Rxg3 40. Bf1 Kf8 41. h4 Rg4 42. Ke3 Rxh4 43. a3 Ke7 44. b4 axb4 45. axb4 Kd6 46. Kd4 f6 47. b5 Rh2 48. Bc4 h5 49. Bd5 h4 50. b6 Rb2 51. b7 h3 52. Kc3 Rb6 53. Kd2 h2 0-1

[Event "Minsk Kupreichik Memorial op"]
[Site "Minsk"]
[Date "2023.04.24"]
[Round "5"]
[White "Novitzkij, Dmitrij"]
[Black "Mazanik, Mikita"]
[Result "1-0"]
[WhiteElo "2255"]
[BlackElo "1282"]
[PlyCount "87"]
[EventDate "2023.04.21"]
[EventType "swiss"]
[EventRounds "7"]
[EventCountry "BLR"]
[SourceTitle "CBM 214 Extra"]
[Source "ChessBase"]
[SourceDate "2023.07.31"]
[SourceVersion "1"]
[SourceVersionDate "2023.07.31"]
[SourceQuality "1"]

1. e4 e6 2. d4 d5 3. e5 c5 4. c3 Qb6 5. Nf3 Nc6 6. a3 c4 7. Nbd2 Na5 8. h4 h6 9. h5 Bd7 10. g3 0-0-0 11. Bg2 Ne7 12. 0-0 g5 13. Nh2 Bg7 14. Ng4 Nf5 15. Rb1 Nb3 16. Nxb3 cxb3 17. Re1 a5 18. Be3 a4 19. Kh2 Bb5 20. Qd2 Rdg8 21. Rbd1 Kb8 22. f4 Bc4 23. Bf2 Qd8 24. Bf3 Ka7 25. Kg2 gxf4 26. Qxf4 Bf8 27. Nf6 Rg7 28. Kh3 Be7 29. g4 Bxf6 30. exf6 Rg5 31. Re5 Nd6 32. Rxg5 hxg5 33. Qxg5 Bb5 34. Bg3 Nc4 35. Rb1 Rh7 36. Qf4 Qf8 37. g5 Bd7 38. Kg2 e5 39. dxe5 Nxa3 40. bxa3 Qxa3 41. Bf2+ Ka8 42. Qd4 Kb8 43. Qa7+ Kc8 44. Bxd5 1-0

[Event "Online Friendship U12"]
[Site "Tornelo INT"]
[Date "2020.11.21"]
[Round "5.6"]
[White "Mazanik, Mikita"]
[Black "Diaskyzy, Daliya"]
[Result "1/2-1/2"]
[WhiteElo "1077"]
[BlackElo "1023"]
[PlyCount "102"]
[EventDate "2020.11.21"]
[EventType "team-swiss"]
[EventRounds "7"]
[EventCountry "BLR"]
[SourceTitle "CBM 199 Extra"]
[Source "ChessBase"]
[SourceDate "2021.01.31"]
[SourceVersion "1"]
[SourceVersionDate "2021.01.31"]
[SourceQuality "1"]
[WhiteTeam "Belarus Minsk"]
[BlackTeam "Kazakhstan"]
[WhiteTeamCountry "BLR"]
[BlackTeamCountry "KAZ"]

1. Nf3 Nc6 2. d4 d5 3. c4 dxc4 4. Nc3 Nf6 5. e4 e6 6. Bxc4 Bb4 7. Qe2 0-0 8. 0-0 Nxd4 9. Nxd4 Qxd4 10. Be3 Qd8 11. Rad1 Qe7 12. e5 Nd7 13. f3 Nxe5 14. Bd4 Nxc4 15. Qxc4 Bd6 16. Nb5 b6 17. Nxd6 cxd6 18. Bc3 e5 19. Qd5 Ba6 20. Rfe1 Rad8 21. Qe4 Bb7 22. Qg4 Bc8 23. Qa4 Bb7 24. Qa3 Qg5 25. Bb4 Rfe8 26. Bxd6 e4 27. fxe4 Bxe4 28. Qg3 Qxg3 29. Bxg3 Rxd1 30. Rxd1 h6 31. Rd7 a5 32. Bf2 Rc8 33. Bxb6 Bf5 34. Rc7 Rb8 35. Rc5 Rxb6 36. Rxf5 Rxb2 37. Rxa5 Rb1+ 38. Kf2 Rb2+ 39. Kf3 g5 40. h3 Kg7 41. a4 Ra2 42. Ra6 f5 43. a5 g4+ 44. hxg4 fxg4+ 45. Kg3 h5 46. Ra7+ Kg6 47. a6 Kg5 48. Rg7+ Kh6 49. Ra7 Kg5 50. Rg7+ Kh6 51. Ra7 Kg5 1/2-1/2

[Event "Online Friendship U12"]
[Site "Tornelo INT"]
[Date "2020.11.21"]
[Round "2.6"]
[White "Sevastsyanchuk, Anastasiya"]
[Black "Mazanik, Mikita"]
[Result "1-0"]
[WhiteElo "1042"]
[BlackElo "1077"]
[PlyCount "91"]
[EventDate "2020.11.21"]
[EventType "team-swiss"]
[EventRounds "7"]
[EventCountry "BLR"]
[SourceTitle "CBM 199 Extra"]
[Source "ChessBase"]
[SourceDate "2021.01.31"]
[SourceVersion "1"]
[SourceVersionDate "2021.01.31"]
[SourceQuality "1"]
[WhiteTeam "Belarus FIDE Academy"]
[BlackTeam "Belarus Minsk"]
[WhiteTeamCountry "BLR"]
[BlackTeamCountry "BLR"]

1. e4 e6 2. d4 d5 3. Nd2 dxe4 4. Nxe4 Bd7 5. Nf3 Bc6 6. Ned2 Nf6 7. Bd3 Bd6 8. 0-0 Nbd7 9. Re1 0-0 10. Nc4 Re8 11. Nxd6 cxd6 12. Bf4 Nd5 13. Bxd6 N7f6 14. Bg3 Nb4 15. Be2 Be4 16. Bd3 Nxd3 17. cxd3 Bd5 18. Be5 Rc8 19. b3 b6 20. Qe2 Qe7 21. h3 h5 22. Rac1 Rc6 23. Rxc6 Bxc6 24. Rc1 Rc8 25. Bxf6 Qxf6 26. Ne5 Bb7 27. Rxc8+ Bxc8 28. Qxh5 g6 29. Qd1 Bb7 30. Nf3 Bxf3 31. Qxf3 Qxd4 32. Qa8+ Kg7 33. Qxa7 Qxd3 34. Qxb6 Qb1+ 35. Kh2 Qxa2 36. b4 Qb2 37. Qc5 Qf6 38. b5 Qf4+ 39. g3 Qb8 40. b6 Qb7 41. Qe5+ Kh7 42. Qc7 Qa6 43. Qxf7+ Kh6 44. b7 Qb5 45. Qf4+ Kh7 46. b8Q 1-0